guess the cute puppies!!!!!!!!! - Statistics

General Stats
  • This quiz has been taken 156 times
  • The average score is 5 of 8
Answer Stats
Picture Answer % Correct
pug
97%
dalmation
88%
bulldog
78%
chihuahua
77%
poodle
73%
labrador
70%
cocker spaniel
42%
cockapoo
10%
No matching quizzes found
Score Distribution
Percent of People with Each Score
Percentile by Number Answered
Your Score History
You have not taken this quiz